00572nam a2200169 a 450000100100000000500170001000800410002702000150006804000250008308200130010810000320012124500520015326000480020530000210025395201110027499900170038500004143120201002034902.0131004s199u mx 000 0 spa d a9684420218 aDO-SdBNPbspacBNPHU axxxbxxx1 aLarrañaga, Ignacio95389713aEl silencio de María. /cIgnacio Larrañaga. aMéxico :bLibrería Parroquial,c[199u]. a247 p. ;c17 cm. 001050718MOaGRbGRcCTd2013-10-04iLF1l0oxxx xxxp41431-10r2020-06-25w2020-06-25y1ZNo se presta c40921d40921